000 01715nam1a2200325 4500
001 rc\3001101
005 20250807185958.0
035 _a(NLR Aleph) 007144236
090 _a1124
_c1124
100 _a20250807 rusy50
101 0 _arus
102 _aRU
105 _a| z |||||
200 1 _aТруды Ленинградского института эпидемиологии и бактериологии им. Пастера
_dTransactions of the Pasteur institute of epidemiology and bacteriology in Leningrad
_fЛенинградский горздравотдел, Бактериологический и эпидемиологический институт им. Пастера
_gдиректор Л. Г. Рапопорт (отв. редактор)
_zeng
210 _aЛенинград
_cиздание Института имени Пастера
_d1935-1945
215 _d21
316 _aЭкз. РНБ: с Т. 9 (1948) хранится в РЖФ (см. шифр П16/276)
_5NLR
440 0 _1001RU\NLR\INFOCOMM31\1000042959
510 1 _aTransactions of the Pasteur institute of epidemiology and bacteriology in Leningrad
_zeng
702 1 _aРапопорт
_bЛ. Г.
_f1898-
_gЛев Григорьевич
_4340
710 0 2 _aЛенинградский НИИ эпидемиологии, микробиологии и гигиены им. Пастера
_3RU\NLR\AUTH\889935191
801 0 _aRU
_bNLR
_gpsbo
801 1 _aRU
_bELAR
_2rusmarc
852 _aNLR
_j35-19/40
852 _aNLR
_jМд96 Г-5/41
942 _cBOOK
945 _aРоссийская национальная библиотека
980 _aNB
980 _aBV